|
|
|
|
| LEADER |
00000nam a2200000 a 4500 |
| 001 |
vtls008854537 |
| 003 |
SK-MaSNL |
| 005 |
20260224074337.0 |
| 008 |
130117s2005 xo f u 000 0 slo |
| 015 |
|
|
|a SNBN2013
|
| 020 |
|
|
|c (cen. skup,)
|
| 040 |
|
|
|a SNK
|b slo
|c SNK
|e AACR2
|
| 041 |
0 |
|
|a slo
|
| 044 |
|
|
|a xo
|c SK
|
| 046 |
|
|
|a s
|
| 084 |
|
|
|a 29.180
|2 ICS
|
| 084 |
|
|
|a 29.140.10
|2 ICS
|
| 084 |
|
|
|a 29.260.10
|2 ICS
|
| 245 |
0 |
0 |
|a STN 33 3240/Z2, Elektrotechnické predpisy. Stanovište výkonových transformátorov. Zmena 2
|
| 260 |
|
|
|a Bratislava
|b Slovenský ústav technickej normalizácie
|c 2005
|
| 300 |
|
|
|a 12 s.
|
| 540 |
|
|
|a Normy sa podľa zákona č. 264/1999 Z. z. nesmú kopírovať
|
| 999 |
|
|
|c 911249
|d 913179
|
| 952 |
|
|
|a SNK
|b SNK
|y PREZ
|7 0
|p 17A0526628
|o snkSTN 33 3240/Z2 D1
|i snk2006/20652
|8 0
|0 0
|1 0
|4 0
|d 2006-10-13
|l 0
|r 2026-02-24 07:43:37
|w 2026-02-24
|
| 952 |
|
|
|a SNK
|b SNK
|y PREZ
|7 0
|p 17A0526625
|o snkSTN 33 3240/Z2
|i snk2006/20651
|8 0
|0 0
|1 0
|4 0
|d 2006-10-13
|l 0
|r 2026-02-24 07:43:37
|w 2026-02-24
|